00938cam a2200241 a 450000100100000000500170001000800410002703500190006804000300008708200170011724501330013426000310026730000280029849000440032650400320037050400740040265000160047665100460049265100420053865000320058070000390061283000450065100001545620251210122428.0711007s1971 mau b 000 0 eng d a(DLC) 72152809 aDO-SdBNPbspacBNPHUdDLC a146.4bP855L00aPositivism in Latin America, 1850-1900 :bare orden and progress reconcilable? /cintroducción y edición Ralph Lee Woodward. aLexington :bHeath,c1971. axviii, 130 p. ;c24 cm.1 aProblems in Latin American civilization aBibliografía: p. 127-130. aIncluye referencias bibliográficas y notas al pie de las páginas. 0aPositivismo 4aAmérica LatinaxCondiciones Políticas aAmérica LatinaxHistoriay1850-1930 4aFilosofía latinoamericana1 aWoodward, Ralph Lee,eed.eintrod. 0aProblems in Latin American civilization.